[Event "IECC M email"]
[Site "IECC email"]
[Date "1998.09.27"]
[Round "?"]
[White "Kidd, David"]
[Black "Brevard, Randy"]
[Result "1-0"]
[WhiteElo "1190"]
[BlackElo "1189"]
[PlyCount "57"]
[EventDate "1998.??.??"]
[EventType "tourn (corr)"]
[EventRounds "12"]
[SourceTitle "Corr 2008"]
[Source "ChessBase"]
[SourceDate "2008.06.24"]
[SourceVersion "1"]
[SourceVersionDate "2008.06.24"]
[SourceQuality "1"]

1. e4 Nf6 2. e5 Nd5 3. d4 d6 4. Nf3 Nc6 5. c4 Ndb4 6. d5 Bf5 7. Na3 dxe5 8. Qb3 e6 9. dxc6 Nxc6 10. Qxb7 Be4 11. Nb5 Rb8 12. Qxc7 Bxf3 13. Qxd8+ Rxd8 14. gxf3 Bb4+ 15. Ke2 0-0 16. Be3 a6 17. Nc7 e4 18. fxe4 Ne5 19. Nxa6 Be7 20. b3 Nc6 21. f4 g6 22. Bg2 e5 23. fxe5 Nxe5 24. Bh6 Rfe8 25. Nc7 Bb4 26. Nxe8 Rxe8 27. a3 Bc5 28. Rhd1 Ng4 29. Bf4 1-0